LEADER 01448nam a2200313 i 4500 001 000000356057 003 CaOOAMICUS 005 20231109141907.0 008 231109s2023 it u000 u ita u 020 $a978-88-301-0143-2 040 $aSeMil$bita 041 $aita$aeng 100 1 $aMoore, George Edward,$d<1873-1958>.$0(OLS)http://semarc/name/35544 240 10$aPrincipia ethica.$0(OLS)http://semarc/title/206584 245 10$aPrincipia ethica /$cGeorge Edward Moore ; con la prefazione alla seconda edizione del 1922 ; a cura di Sergio Cremaschi e Massimo Reichlin. 264 1$aFirenze ;$aMilano :$bBompiani,$c2023. 300 $aLXII, 648 p. ;$c22 cm 490 1 $aBompiani Il pensiero occidentale 504 $aBibliografia degli scritti morali di Moore / a cura di Massimo Reichlin (p. [617]-640) 546 $aTesto inglese a fronte 700 1 $aReichlin, Massimo,$d<1965- >.$0(OLS)http://semarc/name/44765 700 1 $aCremaschi, Sergio,$d<1949- >.$0(OLS)http://semarc/name/16398 830 0$aBompiani Il pensiero occidentale.$0(OLS)http://semarc/title/10111 850 $aSeMil 852 $aSeMil$W1$xVenegono$y1$m2OA VI 405$j244387$B247235$CSeMilBibl$Z2$F247235 $81 996 $6020$a978-88-301-0143-2$9(OLS)http://semarc/number/299251 996 $6245$aPrincipia ethica$9(OLS)http://semarc/title/206585 996 $6264$aFirenze ;$aMilano :$bBompiani$9(OLS)http://semarc/publisher/60021 LEADER 01093nam a2200229 i 4500 001 000000202338 003 CaOOAMICUS 005 20110520000000.0 008 110520s1940 it u000 u ita u 013 $a181046 040 $aSeMil$bita 245 13$aLa lotta politica agli Stati Uniti dal 1933 al 1940 /$cA cura di Enrico Bonomi dell'Ufficio Studi dell'I.S.P.I. 260 $aMilano :$bIstituto per gli studi di politica internazionale,$cstampa 1940. 300 $a93 p. ;$c21 cm. 490 0 $aProblemi del giorno ;$vN.43.-44-45 650 4$aStati Uniti d'America - Politica - 1933-1940.$0(OLS)http://semarc/subject/38037 700 1 $aBonomi, Enrico.$0(OLS)http://semarc/name/73120 830 0$aProblemi del giorno ;$vN.43.-44-45.$0(OLS)http://semarc/title/19175 850 $aSeMil 852 $aSeMil$W1$xVenegono$y1$m3U I 176$j152861$B152861$CSeMilBibl$Z2$F163884 $81 996 $6245$aLa lotta politica agli Stati Uniti dal 1933 al 1940$9(OLS)http://semarc/title/292904 996 $6260$aMilano :$bIstituto per gli studi di politica internazionale$9(OLS)http://semarc/publisher/33915